| 000 | 01051nam0a22002411 4500 | ||
|---|---|---|---|
| 001 | rc\766681 | ||
| 005 | 20040301142831.2 | ||
| 035 | _a(NLR Aleph) 006293759 | ||
| 090 |
_a7177825 _c7177825 |
||
| 100 | _a20040301d1985 u |0rusy50 ca | ||
| 101 | 0 | _arus | |
| 102 | _aRU | ||
| 105 | _aa ||||||||| | ||
| 200 | 1 |
_aФизикокинезотерапия при сколиозе _eМетод. разраб. для студентов _fКом. по физ. культуре и спорту при Совете Министров БССР, Белорус. гос. ин-т физ. культуры. Каф. спорт. медицины _g[Сост. Г.Г. Тернова, к. м. н.] |
|
| 210 |
_aМинск _cБ. и. _d1985 |
||
| 215 |
_a14 с. _cил. _d20 |
||
| 702 | 1 |
_aТернова _bГ. Г. _gГалина Георгиевна _4220 |
|
| 712 | 0 | 2 |
_aБелорусский ин-т физ. культуры _cМинск _3RU\NLR\AUTH\889953750 |
| 801 | 0 |
_aRU _bNLR _gpsbo |
|
| 801 | 1 |
_aRU _bELAR _2rusmarc |
|
| 852 |
_aNLR _j87-4/16811 |
||
| 942 | _cBOOK | ||
| 980 | _aNB | ||